000 01377nam a2200337 4500
001 0000020812
003 CO-CtgCURN
005 20250529154328.0
007 ta
008 160627s2006 000 0 eng d
020 _a9586559459
040 _aCO-CtgCURN
_bspa
_ccoctgcurn
082 0 _a617.98
_bC578
245 0 0 _aCirugía pediátrica /
_cFernando Garces... [et. al.] , editores Francisco Luis Uribe Restrepo y María Elena Arango Rave.
260 _aMedellin :
_bUniversidad de Antioquia,
_c2006.
300 _axxviii, 622 p.
336 _2rdacontent
337 _2rdamedia
_asin mediacion
_bn
338 _2rdacarrier
_avolumen
_bnc
490 1 _aYuluka. Medicina. Cirugia
504 _aBibliografia al final de cada capitulo.
505 8 _aConsideracione perioperatorias en el neonato y el niño.--Procedimientos.--Trauma.--Tumores.--Via aerea y torax.--Esofago.--Pared abdominal, peritoneo y diafragma.--Estomago, duodeno e intestino delgado.--Colon, recto y ano.--Riñon, ureteres y vejiga
650 1 4 _aCirugía pediátrica
650 1 4 _aTratamiento quirúrgico
_xNiños, adolescentes
650 1 4 _aProcedimientos quirúrgicos pediátricos
700 1 _aGarces, Fernando.
730 0 _aCirugia pediatrica.
908 _a160627
942 _cBK
_h617.98
_iC578
_2ddc
_n0
999 _c23625
_d23625